Romania Country Quiz - Statistics

General Stats
  • This quiz has been taken 1,415 times
    1,383 since last reset
  • The average score is 12 of 20
Answer Stats
Hint Answer % Correct
Capital city Bucharest
99%
Major bordering sea Black Sea
94%
Region famous for Dracula Transylvania
94%
Longest river Danube
91%
Empire it was part of until 1877 Ottoman Empire
82%
Dominant branch of Christianity Eastern Orthodox
79%
Mountain range that covers the central parts of the country Carpathian
70%
Third largest ethnic group Romani
68%
Second biggest city Cluj-Napoca
64%
Notorious dictator Nicolae Ceaușescu
61%
Largest automobile company Dacia
60%
Prince who fought a bloody resistance against the above Vlad the Impaler
56%
Second largest ethnic group Hungarians
53%
Currency Leu
52%
Castle and home to that character Bran Castle
48%
Big cat that served as the national animal Lynx
39%
Kingdom of that prince Wallachia
35%
Last monarch Michael I
32%
Tennis player who won more than 100 ATP professional titles Ilie Năstase
27%
Tallest NBA player of all time Gheorghe Mureșan
20%
No matching quizzes found
Score Distribution
Percent of People with Each Score
Percentile by Number Answered
Your Score History
You have not taken this quiz since the last reset